000 00737nam a22002537a 4500
001 0021458755
003 DO-SdBNP
005 20180221092653.0
007 0021458755
008 161214b 1986 sp a ||||| |||| 00| 0 spa d
020 _a8426119441
040 _aBPMSU
_bspa
_cBPMSU
100 1 _aOxenbury, Helen,
_d1938-
245 1 0 _aEn el restaurante /
_cHelen Oxenbury.
250 _a2ª ed.
260 _aBarcelona :
_bJuventud,
_c1986.
300 _a18 p. :
_bil. ;
_c18 cm.
490 1 _aMis primeros libros de imágenes
500 _aPara niños de 2 a 7 años
830 0 _aMis primeros libros de imágenes.
942 _2ddc
_cBK
945 _aInventariado, 2018/MFF
956 _2LOPEREZ
_310
_620161214
_8BPMSU
_a00041
999 _c12427
_d12427